[Event "2nd American Continental"]
[Site "Buenos Aires ARG"]
[Date "2003.08.17"]
[Round "1"]
[White "Aguilar, Andres"]
[Black "Labollita, Martin"]
[Result "0-1"]
[WhiteElo "2204"]
[BlackElo "2454"]
[EventDate "2003.08.17"]
[PlyCount "52"]

1.e4 c6 2.d4 d5 3.Nc3 dxe4 4.Nxe4 Nd7 5.Bd3 Ngf6 6.Ng5 e6 7.Qe2 Bd6 8.N1f3
h6 9.Ne4 Nxe4 10.Qxe4 Nf6 11.Qe2 Qc7 12.Bd2 b6 13.O-O-O Bb7 14.Ne5 c5 15.
Bb5+ Ke7 16.Bf4 Rhd8 17.Rhe1 Kf8 18.Kb1 Bd5 19.c4 Be4+ 20.Ka1 cxd4 21.Rxd4
Bxe5 22.Bxe5 Qxe5 23.Rxd8+ Rxd8 24.f3 Qh5 25.g4 Bxf3 26.Qxf3 Qxg4 0-1

[Event "2nd American Continental"]
[Site "Buenos Aires ARG"]
[Date "2003.08.17"]
[Round "1"]
[White "Alvarez, Hector"]
[Black "Mieles Palau, Daniel"]
[Result "1-0"]
[WhiteElo "2216"]
[BlackElo "2468"]
[EventDate "2003.08.17"]
[PlyCount "109"]

1.e4 c5 2.Nc3 Nc6 3.g3 g6 4.Bg2 Bg7 5.d3 e6 6.Be3 d6 7.Qd2 Nd4 8.Nge2 Ne7 
9.O-O O-O 10.Nc1 f5 11.Nd1 Rb8 12.c3 Ndc6 13.Bh6 b6 14.Bxg7 Kxg7 15.Ne2 
Bb7 16.Nf4 Qd7 17.Re1 e5 18.Nd5 Nxd5 19.exd5 Ne7 20.c4 f4 21.Be4 Qh3 22.
Bg2 Qd7 23.Be4 g5 24.f3 Rh8 25.Qg2 Rbg8 26.Nf2 Kf7 27.Qh3 Qxh3 28.Nxh3 h5 
29.Nf2 g4 30.Kg2 Bc8 31.a4 Bd7 32.a5 b5 33.b3 Rg5 34.gxf4 exf4 35.d4 cxd4 
36.Nd3 bxc4 37.bxc4 Rc8 38.Rab1 Rxc4 39.Rb7 Bc8 40.Rxa7 Rc2+ 41.Nf2 Rb2 
42.Bd3 Rb7 43.Ra8 Rg8 44.Ne4 gxf3+ 45.Kxf3 Bg4+ 46.Kxf4 Nxd5+ 47.Kg3 Bc8+ 
48.Kf3 Bg4+ 49.Kg3 Rb3 50.Nxd6+ Kg7 51.Ra7+ Bd7 52.Rxd7+ Kh6+ 53.Kf2 Rf8+ 
54.Nf7+ Kg7 55.Rg1+ 1-0

[Event "2nd American Continental"]
[Site "Buenos Aires ARG"]
[Date "2003.08.17"]
[Round "1"]
[White "Andrade, Roberto Luiz Costa"]
[Black "Novikov, Igor"]
[Result "1/2-1/2"]
[WhiteElo "2309"]
[BlackElo "2598"]
[EventDate "2003.08.17"]
[PlyCount "97"]

1.e4 c5 2.Nf3 d6 3.d4 cxd4 4.Nxd4 Nf6 5.Nc3 a6 6.Bg5 e6 7.f4 Qb6 8.Qd2 
Qxb2 9.Rb1 Qa3 10.f5 Nc6 11.fxe6 fxe6 12.Nxc6 bxc6 13.Be2 Be7 14.O-O Qa5 
15.Kh1 Qd8 16.Bf3 O-O 17.e5 dxe5 18.Bxc6 Ra7 19.Qe1 Qd6 20.Be4 Rc7 21.Bxf6
Rxf6 22.Rf3 Rxf3 23.gxf3 Rc4 24.Bd3 Rf4 25.Ne4 Qc6 26.Qe3 Rf8 27.Kg2 Rd8 
28.Qa7 Rd7 29.Qb8 Kf7 30.Qxe5 Rd5 31.Qb8 Rd8 32.Qe5 Kg8 33.Rb8 Rf8 34.Qh5 
Rf5 35.Nf6+ Rxf6 36.Bxh7+ Kf8 37.Be4 Qe8 38.Rxc8 Bd8 39.Qc5+ Kg8 40.Qd6 
Rf8 41.Qxa6 Qd7 42.Bd3 Qd5 43.Qc6 Qg5+ 44.Kf2 Qd2+ 45.Kg3 Qf4+ 46.Kg2 Qd2+
47.Kg3 Qf4+ 48.Kg2 Qd2+ 49.Kg3 1/2-1/2

[Event "2nd American Continental"]
[Site "Buenos Aires ARG"]
[Date "2003.08.17"]
[Round "1"]
[White "Arambel, Sergio Javier"]
[Black "Zarnicki, Pablo"]
[Result "1/2-1/2"]
[WhiteElo "2245"]
[BlackElo "2530"]
[EventDate "2003.08.17"]
[PlyCount "59"]

1.c4 Nf6 2.g3 g6 3.Bg2 Bg7 4.Nc3 O-O 5.e4 d6 6.Nge2 c5 7.a3 Nc6 8.d3 Ne8 
9.Be3 Nc7 10.d4 cxd4 11.Nxd4 Ne5 12.Qe2 Ng4 13.Rd1 Nxe3 14.Qxe3 Bg4 15.Rd2
Rc8 16.O-O Ne6 17.Nc2 Nc5 18.b4 Nb3 19.Rd3 Rxc4 20.Rb1 Bxc3 21.Rxc3 Rxc3 
22.Qxc3 Be6 23.Rxb3 Bxb3 24.Qxb3 Qc7 25.Ne3 e6 26.Qb2 Rc8 27.Qd4 Qb6 28.
Qf6 Qd8 29.Qd4 Qb6 30.Qf6 1/2-1/2

[Event "2nd American Continental"]
[Site "Buenos Aires ARG"]
[Date "2003.08.17"]
[Round "1"]
[White "Arenas, Sergio"]
[Black "Pierrot, Juan Facundo"]
[Result "0-1"]
[WhiteElo "2155"]
[BlackElo "2417"]
[EventDate "2003.08.17"]
[PlyCount "64"]

1.e4 c5 2.Nf3 e6 3.d3 Nc6 4.g3 d5 5.Nbd2 Bd6 6.Bg2 Nge7 7.O-O O-O 8.Re1 f6
9.c3 Bd7 10.d4 cxd4 11.Nxd4 Nxd4 12.cxd4 Qb6 13.exd5 exd5 14.Nb3 Rfe8 15.
Qh5 Kh8 16.Bd2 a5 17.Rac1 Bc6 18.Re6 a4 19.Rxd6 axb3 20.axb3 Qxd4 21.Bc3 
Qd3 22.Qf7 Ng8 23.Qc7 Re7 24.Qb6 Rae8 25.Bf1 Qf5 26.Bd4 Re1 27.Rxe1 Rxe1 
28.Qb4 Qb1 29.Rxf6 Rxf1+ 30.Kg2 Rg1+ 31.Kh3 gxf6 32.Bxf6+ Nxf6 0-1

[Event "2nd American Continental"]
[Site "Buenos Aires ARG"]
[Date "2003.08.17"]
[Round "1"]
[White "Bendana Guerrero, Guy"]
[Black "Giardelli, Sergio Carlos"]
[Result "0-1"]
[WhiteElo "2186"]
[BlackElo "2437"]
[EventDate "2003.08.17"]
[PlyCount "64"]

1.d4 Nf6 2.Nf3 c5 3.c3 b6 4.Bf4 Bb7 5.e3 g6 6.h3 Bg7 7.Nbd2 O-O 8.Be2 d6 
9.O-O Nbd7 10.Re1 a6 11.a4 Qc7 12.Rc1 Rac8 13.Qc2 cxd4 14.exd4 Rfe8 15.Bd3
e5 16.dxe5 dxe5 17.Bh2 Nd5 18.Qb3 Nc5 19.Qc2 Nxd3 20.Qxd3 Re7 21.Rcd1 f5 
22.Qb1 Kh8 23.Re2 Rce8 24.Rde1 b5 25.axb5 axb5 26.Nd4 Qb6 27.Nxb5 Qxb5 28.
c4 Qc6 29.cxd5 Qxd5 30.f3 Ba6 31.Rf2 e4 32.fxe4 Bd4 0-1

[Event "2nd American Continental"]
[Site "Buenos Aires ARG"]
[Date "2003.08.17"]
[Round "1"]
[White "Benko, Francisco"]
[Black "Monier, Raul"]
[Result "0-1"]
[WhiteElo "2142"]
[BlackElo "2405"]
[EventDate "2003.08.17"]
[PlyCount "110"]

1.e4 e5 2.Nf3 Nc6 3.Bb5 a6 4.Bxc6 dxc6 5.O-O f6 6.d4 Bg4 7.dxe5 Qxd1 8.
Rxd1 fxe5 9.Nbd2 O-O-O 10.Re1 Bd6 11.Nc4 Bxf3 12.gxf3 Rf8 13.Kg2 Ne7 14.
Bg5 Ng6 15.Rad1 Bc5 16.h4 h5 17.Rh1 Re8 18.Ne3 Nf8 19.Nf5 Ne6 20.Be3 Bf8 
21.Ng3 Be7 22.Ne2 Ref8 23.Rh3 Rf7 24.Nc1 Bf6 25.Nd3 Rd8 26.Rg1 b6 27.Kf1 
c5 28.b3 Nd4 29.Bxd4 Rxd4 30.Ke2 c4 31.bxc4 Rxc4 32.Rc1 Ra4 33.Ra1 Rd7 34.
Rhh1 c5 35.a3 Rad4 36.Rad1 Kc7 37.Rhg1 Rc4 38.Rd2 Ra4 39.Nb2 Rxd2+ 40.Kxd2
Rxa3 41.c3 b5 42.Nd3 Kd6 43.Kc2 Ra2+ 44.Nb2 c4 45.Rd1+ Ke6 46.Rg1 Kf7 47.
Rh1 a5 48.Kb1 Ra3 49.Nd1 b4 50.Kb2 Be7 51.Ne3 Rxc3 52.Ra1 Bd8 53.Rd1 Bxh4 
54.Nf5 Bf6 55.Rd7+ Kg6 0-1

[Event "2nd American Continental"]
[Site "Buenos Aires ARG"]
[Date "2003.08.17"]
[Round "1"]
[White "Bentancor, Franco German"]
[Black "Flores, Diego"]
[Result "0-1"]
[WhiteElo "2177"]
[BlackElo "2439"]
[EventDate "2003.08.17"]
[PlyCount "72"]

1.e4 e5 2.Nf3 Nc6 3.Bb5 a6 4.Ba4 Nf6 5.O-O Be7 6.Re1 b5 7.Bb3 d6 8.c3 O-O 
9.d4 Bg4 10.d5 Na5 11.Bc2 c6 12.h3 Bd7 13.Nxe5 dxe5 14.d6 Be6 15.dxe7 Qxe7
16.Nd2 Rfd8 17.Qf3 Nd7 18.Nf1 Nc4 19.Ng3 a5 20.Nf5 Qf8 21.Qg3 a4 22.f4 
Bxf5 23.exf5 e4 24.Bxe4 Nf6 25.Bd3 Qc5+ 26.Kh2 Nxb2 27.Bxb2 a3 28.Bc1 Qxc3
29.Bxb5 Qxa1 30.Bxc6 Ra6 31.Bb7 Rad6 32.Bxa3 Rd1 33.Rxd1 Rxd1 34.Qe3 h5 
35.Bf3 Re1 36.Bb2 Rh1+ 0-1

[Event "2nd American Continental"]
[Site "Buenos Aires ARG"]
[Date "2003.08.17"]
[Round "1"]
[White "Bitelmajer, Martin"]
[Black "Zapata, Alonso"]
[Result "1/2-1/2"]
[WhiteElo "2230"]
[BlackElo "2543"]
[EventDate "2003.08.17"]
[PlyCount "72"]

1.d4 Nf6 2.c4 d6 3.Nc3 Nbd7 4.e4 e5 5.Nf3 c6 6.Be2 Be7 7.O-O O-O 8.Re1 a6 
9.Bf1 Qc7 10.h3 b5 11.a3 Bb7 12.Qc2 Rfe8 13.dxe5 Nxe5 14.Nxe5 dxe5 15.Be3 
Rad8 16.Rac1 Qb8 17.b4 Bc8 18.Nb1 Nd7 19.Nd2 Nf8 20.Nb3 Ne6 21.Qc3 Bb7 22.
Bb6 Rd7 23.Red1 Bc8 24.Rxd7 Bxd7 25.Be3 Rd8 26.Na5 Rc8 27.Rd1 Be8 28.Nb3 
Rd8 29.Rxd8 Qxd8 30.Nc5 Nxc5 31.Bxc5 Bd7 32.Be2 Be6 33.cxb5 cxb5 34.a4 h6 
35.axb5 axb5 36.Qa1 Qc7 1/2-1/2

[Event "2nd American Continental"]
[Site "Buenos Aires ARG"]
[Date "2003.08.17"]
[Round "1"]
[White "Burgos, Carlos"]
[Black "Lo Presti, Roberto"]
[Result "1-0"]
[WhiteElo "2335"]
[BlackElo "2042"]
[EventDate "2003.08.17"]
[PlyCount "65"]

1.d4 Nf6 2.c4 e6 3.Nf3 b6 4.Nc3 Bb7 5.Qc2 Bb4 6.a3 Bxc3+ 7.Qxc3 d6 8.g3 
Nbd7 9.Bg2 O-O 10.O-O Qe7 11.Rd1 Rac8 12.b4 c5 13.dxc5 d5 14.Bb2 bxc5 15.
cxd5 cxb4 16.Qxb4 Qxb4 17.axb4 Bxd5 18.Rxa7 Rc4 19.Ba3 Nb6 20.b5 Rfc8 21.
Ne5 Rc3 22.Bxd5 Nfxd5 23.e4 Nf6 24.Nc6 Re8 25.Bb4 Rb3 26.Rb7 Nc4 27.Rd4 
Na3 28.Bxa3 Rxa3 29.Rb4 Rc3 30.Ne5 Rf8 31.b6 Rcc8 32.Rc7 Rb8 33.Nc6 1-0

[Event "2nd American Continental"]
[Site "Buenos Aires ARG"]
[Date "2003.08.17"]
[Round "1"]
[White "Burijovich, Liliana"]
[Black "Lafuente, Pablo"]
[Result "1/2-1/2"]
[WhiteElo "2195"]
[BlackElo "2431"]
[EventDate "2003.08.17"]
[PlyCount "146"]

1.e4 c5 2.Nf3 d6 3.d4 cxd4 4.Nxd4 Nf6 5.Nc3 a6 6.a4 e5 7.Nde2 Be7 8.g3 b6 
9.Bg2 Bb7 10.O-O Nbd7 11.Bg5 Rc8 12.h3 O-O 13.g4 Nc5 14.Bxf6 Bxf6 15.Nd5 
Bg5 16.c3 g6 17.f4 exf4 18.Nexf4 Nd7 19.Qd4 Nc5 20.Rad1 Bc6 21.b3 Nxb3 22.
Qxb6 Bxa4 23.Qxd8 Bxd8 24.Kh1 Nc5 25.Rd4 Kg7 26.Ra1 Bc6 27.Ra3 Re8 28.Nb4 
Bb7 29.Nbd5 Bc6 30.Nb4 Bxe4 31.Nxa6 Bxg2+ 32.Kxg2 Bf6 33.Rxd6 Ne4 34.Rd7 
Bxc3 35.Nc7 Rxc7 36.Rxc7 Be5 37.Raa7 Bxc7 38.Rxc7 Ra8 39.h4 h6 40.Kf3 Nf6 
41.g5 hxg5 42.Ne6+ Kg8 43.Nxg5 Rf8 44.Ra7 Nh7 45.Kf4 Nf6 46.Ke5 Nh5 47.Ke4
Re8+ 48.Kf3 Re5 49.Ra8+ Kg7 50.Ra7 Rf5+ 51.Kg4 Rf1 52.Ne6+ Kg8 53.Ra8+ Kh7
54.Ng5+ Kh6 55.Ra7 f5+ 56.Kh3 Rh1+ 57.Kg2 Rxh4 58.Nf7+ Kg7 59.Ng5+ Kf6 60.
Nh7+ Ke5 61.Ra5+ Kd6 62.Ra6+ Kc5 63.Kf3 Rf4+ 64.Ke3 Rg4 65.Nf8 f4+ 66.Ke4 
f3+ 67.Kxf3 Rf4+ 68.Ke3 Rxf8 69.Rxg6 Nf4 70.Rg5+ Nd5+ 71.Ke4 Rf4+ 72.Ke5 
Rh4 73.Kf5 Ne7+ 1/2-1/2

[Event "2nd American Continental"]
[Site "Buenos Aires ARG"]
[Date "2003.08.17"]
[Round "1"]
[White "Campora, Daniel Hugo"]
[Black "Estay Torreblanca, Oscar"]
[Result "1-0"]
[WhiteElo "2510"]
[BlackElo "2231"]
[EventDate "2003.08.17"]
[PlyCount "83"]

1.e4 g6 2.d4 Bg7 3.Nc3 c6 4.Nf3 d5 5.h3 Nh6 6.Be2 f6 7.O-O Nf7 8.Re1 O-O 
9.Bf1 dxe4 10.Nxe4 Nd7 11.Bc4 Kh8 12.Bb3 Qc7 13.Qe2 e5 14.Bxf7 Rxf7 15.
dxe5 Nxe5 16.Bf4 Qe7 17.Rad1 Rf8 18.Nd6 Be6 19.Nxe5 fxe5 20.Bxe5 Bg8 21.c4
Bxe5 22.Qxe5+ Qxe5 23.Rxe5 Rad8 24.b3 Rd7 25.Re2 b6 26.Red2 Re7 27.f3 Kg7 
28.Kf2 a6 29.Re1 Rxe1 30.Kxe1 b5 31.c5 a5 32.Kf2 Rb8 33.Re2 b4 34.Re7+ Kf6
35.Ra7 Ke5 36.Ke3 Kd5 37.Rxa5 Be6 38.g4 h5 39.Ne4 hxg4 40.hxg4 Rh8 41.Ra4 
Rb8 42.a3 1-0

[Event "2nd American Continental"]
[Site "Buenos Aires ARG"]
[Date "2003.08.17"]
[Round "1"]
[White "Castaneda, Carlos"]
[Black "Szmetan, Jorge"]
[Result "0-1"]
[WhiteElo "2148"]
[BlackElo "2408"]
[EventDate "2003.08.17"]
[PlyCount "62"]

1.d4 Nf6 2.c4 c5 3.d5 b5 4.cxb5 a6 5.b6 d6 6.Nc3 g6 7.a4 Qxb6 8.Nf3 Bg7 9.
a5 Qb4 10.Ra4 Qb7 11.g3 O-O 12.Bg2 Bd7 13.Ra3 Bb5 14.O-O Nbd7 15.Re1 Rab8 
16.h3 Ne8 17.Kh2 Nc7 18.e4 Bc4 19.Qa4 Bb5 20.Qc2 Qc8 21.Bf4 f6 22.h4 Ne5 
23.Bxe5 fxe5 24.Na4 Bxa4 25.Rxa4 Qb7 26.b4 cxb4 27.Rb1 b3 28.Qc3 Qa7 29.
Rxb3 Rxb3 30.Qxb3 Qxf2 31.Ra2 Rxf3 0-1

[Event "2nd American Continental"]
[Site "Buenos Aires ARG"]
[Date "2003.08.17"]
[Round "1"]
[White "Cerda Albornoz, Guillermo"]
[Black "Rodriguez Vila, Andres"]
[Result "0-1"]
[WhiteElo "2224"]
[BlackElo "2485"]
[EventDate "2003.08.17"]
[PlyCount "85"]

1.d4 g6 2.c4 Bg7 3.Nc3 d6 4.Nf3 Nd7 5.g3 e5 6.Bg2 Ne7 7.O-O O-O 8.e4 h6 9.
Be3 f5 10.dxe5 dxe5 11.Nd5 c6 12.Nxe7+ Qxe7 13.exf5 gxf5 14.Nh4 Qf6 15.Qc2
Nb6 16.Bc5 Rf7 17.Rad1 Be6 18.b3 Nd7 19.Ba3 Re8 20.Bb2 Qe7 21.Bh3 f4 22.
Bf5 Nf8 23.Rfe1 Qc5 24.Be4 Bg4 25.Rd2 h5 26.Nf5 fxg3 27.hxg3 Re6 28.Ne3 
Bh6 29.Rd8 Qa5 30.Qd2 Qb6 31.Rd6 h4 32.Rxe6 Nxe6 33.Bxe5 Ng5 34.Bg2 h3 35.
Qd4 Qxd4 36.Bxd4 hxg2 37.Nxg4 Nf3+ 38.Kxg2 Nxe1+ 39.Kf1 Bg7 40.Bxg7 Rxg7 
41.Nh6+ Kh7 42.Nf5 Rg5 43.Nd6 0-1

[Event "2nd American Continental"]
[Site "Buenos Aires ARG"]
[Date "2003.08.17"]
[Round "1"]
[White "Chtcherbine, Andrei"]
[Black "Fiorito, Fabian"]
[Result "1-0"]
[WhiteElo "2156"]
[BlackElo "2422"]
[EventDate "2003.08.17"]
[PlyCount "63"]

1.Nf3 g6 2.c4 Bg7 3.Nc3 d6 4.d4 Nf6 5.e4 O-O 6.Be2 Nbd7 7.e5 dxe5 8.dxe5 
Ng4 9.e6 fxe6 10.O-O Nge5 11.Ng5 Nc5 12.Qxd8 Rxd8 13.Be3 Na6 14.Rad1 Bd7 
15.f4 Nf7 16.Bg4 Nxg5 17.fxg5 Bc6 18.Bxe6+ Kh8 19.Rxd8+ Rxd8 20.Rf7 Rd6 
21.Rxe7 Bf8 22.Bf4 Rxe6 23.Rxe6 Kg8 24.Re2 Kf7 25.a3 Bd7 26.b4 c6 27.Ne4 
Bg4 28.Rf2 Ke6 29.Nf6 Bf5 30.Re2+ Kf7 31.Re3 h5 32.Ne4 1-0

[Event "2nd American Continental"]
[Site "Buenos Aires ARG"]
[Date "2003.08.17"]
[Round "1"]
[White "Cruz Condori, Alfredo"]
[Black "Franco Ocampos, Zenon"]
[Result "0-1"]
[WhiteElo "2244"]
[BlackElo "2520"]
[EventDate "2003.08.17"]
[PlyCount "100"]

1.d4 d5 2.c4 c6 3.Nc3 Nf6 4.e3 a6 5.cxd5 cxd5 6.Bd3 Nc6 7.Nf3 Bg4 8.h3 
Bxf3 9.gxf3 e6 10.f4 Bd6 11.a3 Rc8 12.Bd2 O-O 13.Rc1 Ne7 14.Ne2 Qb6 15.
Rxc8 Rxc8 16.Qb1 Ne4 17.Bc1 f5 18.f3 Nf6 19.Bd2 Ng6 20.h4 Nh5 21.Kf1 Qd8 
22.Be1 Be7 23.Bf2 b5 24.Qe1 Rc6 25.Ng3 Qc7 26.Qd2 Nxg3+ 27.Bxg3 Rc1+ 28.
Kg2 Rxh1 29.Kxh1 Bxh4 30.Be1 h6 31.Kg1 Bxe1 32.Qxe1 Ne7 33.Kf2 Kf7 34.Qh1 
Qb8 35.Qe1 g5 36.fxg5 Qh2+ 37.Kf1 hxg5 38.Qe2 Qh1+ 39.Kf2 Ng8 40.Qf1 Qh4+ 
41.Ke2 Nf6 42.Kd2 Qg3 43.Kc3 g4 44.fxg4 Nxg4 45.Bxf5 Nxe3 46.Bxe6+ Kxe6 
47.Qe2 Kd7 48.Qh5 Nc4+ 49.Kb4 a5+ 50.Kc5 Qd6+ 0-1

[Event "2nd American Continental"]
[Site "Buenos Aires ARG"]
[Date "2003.08.17"]
[Round "1"]
[White "Cubas, Jose Fernando"]
[Black "Walsh, Hector"]
[Result "0-1"]
[WhiteElo "2419"]
[BlackElo "2156"]
[EventDate "2003.08.17"]
[PlyCount "50"]

1.e4 c5 2.Nf3 d6 3.d4 cxd4 4.Nxd4 Nf6 5.Nc3 Nc6 6.f3 g6 7.Be3 Bg7 8.Qd2 
O-O 9.O-O-O Bd7 10.Kb1 Rc8 11.g4 Ne5 12.h4 Qa5 13.Bg5 Nxf3 14.Nxf3 Bxg4 
15.Be2 Rxc3 16.Bxf6 Bxf6 17.e5 Bxf3 18.Bxf3 Bxe5 19.bxc3 Qb6+ 20.Kc1 Rc8 
21.Qg5 Rxc3 22.Rd3 Rc4 23.Rd2 Bf4 24.Qg1 Qb4 25.Rh2 Qc3 0-1

[Event "2nd American Continental"]
[Site "Buenos Aires ARG"]
[Date "2003.08.17"]
[Round "1"]
[White "De Dovitiis, Alejo"]
[Black "Lida Garcia, Fernando"]
[Result "1/2-1/2"]
[WhiteElo "2401"]
[BlackElo "2130"]
[EventDate "2003.08.17"]
[PlyCount "86"]

1.d4 f5 2.g3 Nf6 3.Bg2 g6 4.c4 Bg7 5.Nc3 d6 6.e3 O-O 7.Nge2 e5 8.b3 Nc6 9.
Bb2 Rb8 10.Qd2 a6 11.Rd1 e4 12.h4 Ne7 13.Nf4 h6 14.d5 Kh7 15.Nce2 Qe8 16.
Nd4 Rf7 17.Nde6 Neg8 18.Ng5+ hxg5 19.hxg5+ Nh5 20.Rxh5+ gxh5 21.g6+ Kh6 
22.gxf7 Qxf7 23.Bxg7+ Qxg7 24.Ke2 Bd7 25.Rh1 Nf6 26.Qd4 Rg8 27.Rh4 Qe7 28.
Ke1 Qe5 29.Bf1 Qxd4 30.exd4 e3 31.fxe3 Rxg3 32.Rh3 Rg8 33.Be2 Rg1+ 34.Kf2 
Ra1 35.Nxh5 Ne4+ 36.Kg2 f4 37.Rh4 Rxa2 38.Nxf4+ Kg5 39.Rh7 Bg4 40.Rg7+ Kf5
41.Rf7+ Kg5 42.Rg7+ Kf5 43.Rf7+ Kg5 1/2-1/2

[Event "2nd American Continental"]
[Site "Buenos Aires ARG"]
[Date "2003.08.17"]
[Round "1"]
[White "Delgado, Alberto"]
[Black "Aguilar, Mauricio"]
[Result "1-0"]
[WhiteElo "2310"]
[BlackElo "2133"]
[EventDate "2003.08.17"]
[PlyCount "106"]

1.e4 e5 2.Nf3 f5 3.d4 fxe4 4.Nxe5 Nf6 5.Bc4 d5 6.Bb3 Be7 7.Bg5 Be6 8.Nc3 
Nbd7 9.f4 exf3 10.Qxf3 O-O 11.Qe2 Nxe5 12.dxe5 Ne4 13.Nxd5 Nxg5 14.O-O-O 
c6 15.Nf6+ Bxf6 16.Rxd8 Bxd8 17.Bxe6+ Nxe6 18.Qc4 Bg5+ 19.Kb1 Rae8 20.Rd1 
Kh8 21.g3 Nc7 22.h4 Be3 23.a3 Nd5 24.Qe4 Bb6 25.c4 Ne3 26.Rd7 Rd8 27.e6 
Rxd7 28.exd7 Nf5 29.Qe8 Kg8 30.Qe6+ Kh8 31.h5 Nxg3 32.Qd6 Rd8 33.h6 Nf5 
34.hxg7+ Kxg7 35.Qe5+ Kf7 36.Qxf5+ Ke7 37.Qxh7+ Ke6 38.Qh3+ Ke7 39.Qh7+ 
Ke6 40.c5 Bc7 41.Qd3 Rxd7 42.Qb3+ Ke5 43.Qxb7 Kd5 44.Qxa7 Rf7 45.Ka2 Re7 
46.b4 Kc4 47.Qa6+ Kc3 48.Qf1 Rh7 49.Qc1+ Kd4 50.Qb2+ Ke3 51.Qc3+ Kf4 52.
Qd2+ Kf5 53.Qf2+ Kg5 1-0

[Event "2nd American Continental"]
[Site "Buenos Aires ARG"]
[Date "2003.08.17"]
[Round "1"]
[White "Di Diego, Osvaldo"]
[Black "Malbran, Guillermo"]
[Result "1/2-1/2"]
[WhiteElo "2061"]
[BlackElo "2345"]
[EventDate "2003.08.17"]
[PlyCount "90"]

1.Nf3 d6 2.d4 Bg4 3.Nbd2 Nf6 4.c4 c6 5.Qb3 Qb6 6.e3 Nbd7 7.Bd3 e5 8.Qxb6 
axb6 9.dxe5 dxe5 10.Ne4 Nxe4 11.Bxe4 Bb4+ 12.Bd2 Bxd2+ 13.Nxd2 Ke7 14.Bc2 
Nc5 15.f3 Be6 16.b3 b5 17.cxb5 cxb5 18.Ke2 Rhc8 19.Rhc1 f5 20.h3 h5 21.e4 
f4 22.Bd3 Nxd3 23.Rxc8 Rxc8 24.Kxd3 b4 25.Nc4 b5 26.Nxe5 Kf6 27.Kd4 Rd8+ 
28.Kc5 Kxe5 29.Kxb4 Rd2 30.Kxb5 Rxg2 31.a4 Bxb3 32.a5 Be6 33.a6 Rb2+ 34.
Kc5 Rb8 35.a7 Rc8+ 36.Kb6 Bxh3 37.a8=Q Rxa8 38.Rxa8 Bg2 39.Ra5+ Ke6 40.
Rxh5 Bxf3 41.Rg5 Bxe4 42.Rxg7 f3 43.Rg1 Bd3 44.Rg3 Be2 45.Rxf3 Bxf3 
1/2-1/2

[Event "2nd American Continental"]
[Site "Buenos Aires ARG"]
[Date "2003.08.17"]
[Round "1"]
[White "Dolezal, Cristian"]
[Black "Morinongeli, Martin"]
[Result "1/2-1/2"]
[WhiteElo "2410"]
[BlackElo "2143"]
[EventDate "2003.08.17"]
[PlyCount "40"]

1.e4 e6 2.d4 d5 3.Nc3 Bb4 4.e5 Ne7 5.a3 Bxc3+ 6.bxc3 c5 7.h4 Nbc6 8.h5 h6 
9.Nf3 Qa5 10.Bd2 Bd7 11.a4 O-O-O 12.Bb5 f6 13.c4 Qc7 14.cxd5 Nxd5 15.c4 
Nde7 16.exf6 gxf6 17.dxc5 e5 18.Qb3 Bg4 19.Bxc6 Nxc6 20.Be3 f5 1/2-1/2

[Event "2nd American Continental"]
[Site "Buenos Aires ARG"]
[Date "2003.08.17"]
[Round "1"]
[White "Echeguren, Gustavo"]
[Black "Scarella, Enrique Alejandro"]
[Result "0-1"]
[WhiteElo "2091"]
[BlackElo "2374"]
[EventDate "2003.08.17"]
[PlyCount "56"]

1.d4 Nf6 2.c4 c5 3.d5 b5 4.cxb5 a6 5.e3 g6 6.Nc3 Bg7 7.Nf3 O-O 8.Be2 axb5 
9.Bxb5 d6 10.O-O Ba6 11.Qd3 Qb6 12.Rd1 Nbd7 13.h3 Rfb8 14.Bxa6 Qxa6 15.
Qxa6 Rxa6 16.Rb1 Nb6 17.a3 Nfd7 18.Nd2 Bxc3 19.bxc3 Nxd5 20.Rxb8+ Nxb8 21.
Ne4 Nb6 22.Nxc5 Ra7 23.Rd4 Nc6 24.Nd3 Nxd4 25.cxd4 Nc4 26.Nb4 Kf8 27.Nc2 
Rc7 28.Ne1 Rb7 0-1

[Event "2nd American Continental"]
[Site "Buenos Aires ARG"]
[Date "2003.08.17"]
[Round "1"]
[White "Escobedo Tinajero, Alberto"]
[Black "Jorge, Cristian"]
[Result "1-0"]
[WhiteElo "2405"]
[BlackElo "2148"]
[EventDate "2003.08.17"]
[PlyCount "113"]

1.d4 d5 2.c4 e6 3.Nc3 f5 4.Bf4 c6 5.e3 Nf6 6.Nf3 Bd6 7.c5 Bxf4 8.exf4 O-O 
9.Be2 Bd7 10.O-O Be8 11.Ne5 b5 12.cxb6 axb6 13.b4 Qd6 14.Nd3 Nbd7 15.a4 
Ne4 16.Qc2 Ndf6 17.f3 Nxc3 18.Qxc3 Nh5 19.Qd2 Rf7 20.Rfc1 Rfa7 21.Bd1 Qe7 
22.g3 h6 23.Ne5 c5 24.dxc5 bxc5 25.bxc5 Bxa4 26.Bxa4 Rxa4 27.Rxa4 Rxa4 28.
c6 Qa7+ 29.Qf2 Qc7 30.Rb1 d4 31.Rb7 Qc8 32.Qb2 Kh7 33.Rb4 Rxb4 34.Qxb4 d3 
35.Qc3 Nf6 36.Qxd3 Nd5 37.Qb1 Qa8 38.h4 Qa4 39.Qc1 Qa5 40.h5 Qb6+ 41.Kg2 
Ne7 42.Kh3 Nd5 43.Nd7 Qf2 44.Nf8+ Kh8 45.Nxe6 Qxf3 46.c7 Qxh5+ 47.Kg2 Qe2+
48.Kg1 Nxc7 49.Nxc7 Qd3 50.Qe1 Qd4+ 51.Kg2 Qb2+ 52.Kh3 Qb7 53.Ne6 Qf3 54.
Kh2 Kg8 55.Nd4 Qd3 56.Qe6+ Kh8 57.Qc8+ 1-0

[Event "2nd American Continental"]
[Site "Buenos Aires ARG"]
[Date "2003.08.17"]
[Round "1"]
[White "Felgaer, Ruben"]
[Black "Hobaica, Juan Pablo"]
[Result "1/2-1/2"]
[WhiteElo "2551"]
[BlackElo "2281"]
[EventDate "2003.08.17"]
[PlyCount "49"]

1.e4 c5 2.Nf3 e6 3.d4 cxd4 4.Nxd4 a6 5.Nc3 Qc7 6.g3 Bb4 7.Bd2 Nc6 8.Nb3 
Nf6 9.Bg2 Be7 10.f4 d6 11.a4 b6 12.O-O h5 13.h3 Bb7 14.Qe2 Nd7 15.Be3 g5 
16.fxg5 Nce5 17.Rad1 h4 18.Qf2 hxg3 19.Qxg3 O-O-O 20.Nd4 Rdg8 21.h4 Kb8 
22.Bf2 Nf8 23.Nf3 f6 24.Nxe5 dxe5 25.a5 1/2-1/2

[Event "2nd American Continental"]
[Site "Buenos Aires ARG"]
[Date "2003.08.17"]
[Round "1"]
[White "Filgueira, Hernan"]
[Black "Leeuw, Pablo Gabriel"]
[Result "1-0"]
[WhiteElo "2376"]
[BlackElo "2110"]
[EventDate "2003.08.17"]
[PlyCount "81"]

1.d4 c5 2.d5 d6 3.e4 e5 4.Nc3 g6 5.Bb5+ Nd7 6.a4 a6 7.Be2 Bg7 8.Nf3 Ne7 9.
Nd2 b6 10.Nc4 Qc7 11.h4 h6 12.h5 g5 13.g4 Rb8 14.f3 f5 15.exf5 Nf6 16.Ne4 
O-O 17.Ncxd6 Nfxd5 18.Bc4 Bb7 19.Nxb7 Qxb7 20.Ra3 Kh8 21.Rd3 Nf6 22.Nd6 
Qc6 23.O-O e4 24.fxe4 Nxe4 25.Re1 Ng3 26.Qf3 Bd4+ 27.Kg2 Qxd6 28.Qxg3 Qc6+
29.Qf3 Qxf3+ 30.Rxf3 Bf6 31.Bxa6 Nc6 32.c3 Ne5 33.Rfe3 Rfe8 34.R1e2 Rbd8 
35.Bd2 Re7 36.Be1 Kg7 37.Bg3 Nc6 38.Rxe7+ Nxe7 39.Kf3 Rd1 40.Re6 Nd5 41.
Rd6 1-0

[Event "2nd American Continental"]
[Site "Buenos Aires ARG"]
[Date "2003.08.17"]
[Round "1"]
[White "Garcia, Gildardo"]
[Black "Luconi, Cristian"]
[Result "1-0"]
[WhiteElo "2473"]
[BlackElo "2115"]
[EventDate "2003.08.17"]
[PlyCount "85"]

1.e4 c6 2.Nf3 d5 3.Nc3 Bg4 4.h3 Bh5 5.d4 e6 6.g4 Bg6 7.Ne5 Bxe4 8.Nxe4 
dxe4 9.Bg2 Bd6 10.O-O Qc7 11.Bxe4 Bxe5 12.dxe5 Qxe5 13.Re1 Qc7 14.Qd4 Nf6 
15.Bh6 O-O 16.Bxg7 Kxg7 17.g5 Qf4 18.Re3 e5 19.gxf6+ Qxf6 20.Qb4 Na6 21.
Qxb7 Nc5 22.Qxc6 Nxe4 23.Qxe4 Rae8 24.Rd1 Kh8 25.Rf3 Qg6+ 26.Qxg6 hxg6 27.
Rd7 Kg7 28.Rxa7 e4 29.Rc3 Kh6 30.b4 f5 31.Kf1 f4 32.Ke2 Rf5 33.Rcc7 Rd5 
34.Re7 Rxe7 35.Rxe7 Rd4 36.a3 Rc4 37.Kd2 Kg5 38.h4+ Kf6 39.Re8 Kf7 40.Rd8 
Ke7 41.Rd5 Ke6 42.Rg5 Kf6 43.Rg1 1-0

[Event "2nd American Continental"]
[Site "Buenos Aires ARG"]
[Date "2003.08.17"]
[Round "1"]
[White "Garcia Palermo, Carlos"]
[Black "Santos, Francisco Jose dos"]
[Result "1-0"]
[WhiteElo "2443"]
[BlackElo "2193"]
[EventDate "2003.08.17"]
[PlyCount "69"]

1.e4 e6 2.Qe2 c5 3.Nf3 Nc6 4.g3 Nd4 5.Nxd4 cxd4 6.Bg2 e5 7.c3 Qb6 8.d3 d6 
9.cxd4 exd4 10.O-O Nf6 11.Na3 Be6 12.f4 Be7 13.f5 Bd7 14.Nc4 Qa6 15.g4 Bb5
16.g5 Nd7 17.b3 Ne5 18.f6 gxf6 19.gxf6 Bd8 20.Bh6 Ba5 21.Bg7 Bxc4 22.bxc4 
O-O-O 23.Rab1 Rhe8 24.Rb5 Bc3 25.Kh1 Kb8 26.Bh6 Rd7 27.Bf4 Rc7 28.Bg3 h5 
29.Rfb1 Rg8 30.Rxe5 dxe5 31.Bxe5 Re8 32.Bxc7+ Kxc7 33.e5 Qxf6 34.Qe4 Qa6 
35.Rxb7+ 1-0

[Event "2nd American Continental"]
[Site "Buenos Aires ARG"]
[Date "2003.08.17"]
[Round "1"]
[White "Giampa, Alejandro"]
[Black "Kudrin, Sergey"]
[Result "0-1"]
[WhiteElo "2271"]
[BlackElo "2538"]
[EventDate "2003.08.17"]
[PlyCount "66"]

1.b3 e5 2.Bb2 Nc6 3.c4 Nf6 4.Nc3 d5 5.cxd5 Nxd5 6.g3 Be6 7.Bg2 Qd7 8.Nf3 
f6 9.O-O O-O-O 10.d3 g5 11.Ne4 Bh3 12.Bxh3 Qxh3 13.Kh1 h5 14.Rg1 Qe6 15.
Rc1 g4 16.Nh4 Bh6 17.Nc5 Qf7 18.Rb1 Bg5 19.b4 Bxh4 20.gxh4 Ndxb4 21.Nxb7 
Kxb7 22.Bc3 Qd5+ 23.Rg2 Ka8 24.Bxb4 e4 25.Bc3 Rd6 26.Qa4 exd3 27.exd3 Qxd3
28.Rc1 Qf3 29.Be1 Rhd8 30.Rc3 Qd5 31.Ra3 Re6 32.Ba5 Re4 33.Qc2 Nxa5 0-1